Introduction à la pédagogie (Record no. 2425)

MARC details
000 -LEADER
fixed length control field 00660nam a2200241 4500
008 - FIXED-LENGTH DATA ELEMENTS--GENERAL INFORMATION
fixed length control field s1977 fr fre u
040 ## - CATALOGING SOURCE
Original cataloging agency LB-BrCRDP
082 1# - DEWEY DECIMAL CLASSIFICATION NUMBER
Classification number 370.1
Item number MIA
100 1# - MAIN ENTRY--PERSONAL NAME
Personal name Mialaret, Gaston
245 10 - TITLE STATEMENT
Title Introduction à la pédagogie
Statement of responsibility, etc. Gaston Mialaret
250 ## - EDITION STATEMENT
Edition statement 5e éd.
260 ## - PUBLICATION, DISTRIBUTION, ETC.
Place of publication, distribution, etc. Paris
Name of publisher, distributor, etc. Puf
Date of publication, distribution, etc. 1977
300 ## - PHYSICAL DESCRIPTION
Extent 200 p.
Dimensions 21 cm
490 0# - SERIES STATEMENT
Series statement L'éducateur
500 ## - GENERAL NOTE
General note Sommaire, bibliographie.
650 4# - SUBJECT ADDED ENTRY--TOPICAL TERM
Topical term or geographic name entry element Pédagogie
650 4# - SUBJECT ADDED ENTRY--TOPICAL TERM
Topical term or geographic name entry element Education
650 4# - SUBJECT ADDED ENTRY--TOPICAL TERM
Topical term or geographic name entry element Recherche pédagogique
650 4# - SUBJECT ADDED ENTRY--TOPICAL TERM
Topical term or geographic name entry element Enseignement
650 4# - SUBJECT ADDED ENTRY--TOPICAL TERM
Topical term or geographic name entry element Techniques pédagogiques
942 ## - ADDED ENTRY ELEMENTS (KOHA)
Koha item type Books
Holdings
Withdrawn status Lost status Source of classification or shelving scheme Damaged status Not for loan Home library Current library Shelving location Date acquired Source of acquisition Cost, normal purchase price Total Checkouts Full call number Barcode Date last seen Copy number Price effective from Koha item type
    Dewey Decimal Classification     مكتبة دار المعلمين و المعلمات - زحلة مكتبة دار المعلمين و المعلمات - زحلة Salle de Lecture 06/29/2007 CRDP 0.00   370.1 MIA CRZ2529 07/27/2016 1 07/27/2016 Books